Statistical quality control
Gespeichert in:
| 1. Verfasser: | |
|---|---|
| Weitere Verfasser: | |
| Format: | Buch |
| Sprache: | Englisch |
| Veröffentlicht: |
New York
MacGraw-Hill Publ. Co.
1988
|
| Ausgabe: | 6. ed. |
| Schriftenreihe: | MacGraw-Hill Series in Industrial Engineering and Management Science
|
| Schlagworte: | |
| Tags: |
Keine Tags, Fügen Sie das erste Tag hinzu!
|
MARC
| LEADER | 00000nam a2200000 4500 | ||
|---|---|---|---|
| 001 | c021308 | ||
| 005 | 20221206134910.1 | ||
| 020 | |a 0-07-024117-1 | ||
| 041 | 0 | |a eng | |
| 044 | |a US | ||
| 245 | 1 | 0 | |a Statistical quality control |c Eugene L. Grant, Richard S. Leavenworth |
| 250 | |a 6. ed. | ||
| 264 | 1 | |a New York |b MacGraw-Hill Publ. Co. |c 1988 | |
| 300 | |a 714 s. | ||
| 490 | 1 | |a MacGraw-Hill Series in Industrial Engineering and Management Science | |
| 830 | 0 | |a MacGraw-Hill Series in Industrial Engineering and Management Science | |
| 610 | 2 | 0 | |a kontrola kvality |
| 610 | 2 | 0 | |a kontrola štatistická |
| 610 | 2 | 0 | |a metódy štatistické |
| 610 | 2 | 0 | |a TQM |
| 610 | 2 | 0 | |a riadenie kvality |
| 100 | 1 | |a Grant, Eugene L. | |
| 700 | 1 | |a Leavenworth, Richard S. | |